|
|
|
|
| LEADER |
00000nab a2200000 a 4500 |
| 001 |
vtls008939706 |
| 003 |
SK-MaSNL |
| 005 |
20260304172856.0 |
| 008 |
250526c2006 xo |||||||||||000 b|slo |
| 015 |
|
|
|a SNBRB2007/01
|2 snkbucl
|
| 035 |
|
|
|a (uuid)a1cf603c-554e-4714-b870-cd829d39c955
|
| 035 |
|
|
|a urn:nbn:sk:snk-abz8p
|
| 035 |
|
|
|a (urnnbn)urn:nbn:sk:snk:ar-005bmu
|
| 038 |
|
|
|a SNKBUCL
|
| 040 |
|
|
|a SNKBUCL
|b slo
|c SNKBUCL
|e AACR2
|
| 041 |
0 |
|
|a slo
|
| 044 |
|
|
|a xo
|c SK
|
| 080 |
|
|
|a 630*92
|x (497.4)
|2 1997
|
| 100 |
1 |
|
|a Huštáková, Eva
|4 aut
|9 836995
|
| 245 |
1 |
0 |
|a Keď záujemcov o drevo vyťahujú z klobúka-
|b -alebo, nejedno poučenie z neštátnych lesov Slovinska
|c Eva Huštáková
|
| 650 |
0 |
7 |
|a neštátne lesy
|2 snkbucl
|9 626833
|
| 650 |
0 |
7 |
|a zákony
|2 snkbucl
|9 1156
|
| 650 |
0 |
7 |
|a vlastníci lesov
|2 snkbucl
|9 268346
|
| 650 |
0 |
7 |
|a práva a povinnosti
|2 snkbucl
|9 50059
|
| 651 |
|
7 |
|a Slovinsko
|2 snkbucl
|9 18915
|
| 773 |
0 |
|
|t Les & Slovenské lesokruhy
|g Roč. 62/5, č. september - október (2006), s. 22
|x 1336-9237
|
| 850 |
|
|
|a Slovenská národná knižnica
|
| 852 |
|
|
|a Slovenská národná knižnica
|
| 954 |
|
|
|a odborná, vedecká literatúra pôvodná (slovenská)
|2 lita
|
| 958 |
|
|
|a ONDV
|
| 958 |
|
|
|a article2022
|
| 958 |
|
|
|a SI
|
| 999 |
|
|
|c 3000482
|d 3002412
|